[Event "Vikings GM 1st"]
[Site "York"]
[Date "1999.12.16"]
[Round "4"]
[White "Hector, Jonny"]
[Black "Hillarp Persson, Tiger"]
[Result "0-1"]
[WhiteElo "2505"]
[BlackElo "2507"]
[Annotator "Psakhis,L"]
[PlyCount "62"]
[EventDate "1999.12.13"]
[Source "ChessBase"]
[SourceDate "2000.04.05"]

1. e4 {Hansen,Cu} 1... e6 2. d4 d5 3. Nc3 Bb4 4. e5 c5 5. a3 Bxc3+ 6. bxc3 Ne7
7. h4 {Hansen,Cu: 'If one does not know the opening theory of this line this
move may at first sight be a surprise. However it is in fact quite logical.
White has a   on the K-side and furthermore black has exchanged his main
defender of g7 - the blacksquared B. Whites intention is now to weaken the
black squares further with h4-h5-h6 or put g7 under pressure with h4-h5 and
Rh3-g3'} 7... Nbc6 (7... Qc7 $5) 8. h5 8... Qa5 9. Bd2 9... Bd7 $5 {Hansen,Cu:
'With this move black questions not so much the white setup on the K-side but
whether the use of three tempi is worth the weakening of the dark squares when
black will place his K on the Q-side anyway.'} (9... cxd4 10. cxd4 10... Qa4 {
could be reasonable alternative to the move in the text.}) 10. h6 10... gxh6 {
Black's pawn structure on the king's side is compleatly ruined, but he can
dream about organizing counter-play on the g-line  Hansen,Cu: 'more or less
forced now, but still a big decision for a french player. Normally black has
the sounder P-stucture in compensation for whites   on the K-side, and my
guess is there would be some supporters of the french defence that would see
the textmove as destroying the black position. However it is worth mentioning
that the textmove was played by the french-specialist Wolfgang Uhlmann as
early as 1969, and has been played by the german grandmaster several times
since then.'} 11. Nf3 O-O-O 12. Bd3 c4 (12... Rdg8 13. Kf1 c4 14. Be2 Nf5 15.
Nh4 Nxh4 16. Rxh4 Qd8 17. Rxh6 Rg6 18. Rh2 f6 19. Bh5 Rgg8 20. exf6 Qxf6 21.
Qf3 Qe7 22. Qf7 Qd6 23. Qf4 Qe7 24. Qf7 Qd6 25. Qf4 {
-  Luther,T-Uhlmann,W/Dresden op 1992 (25)}) 13. Be2 13... Ng8 $1 14. a4 $146 {
New , but absolutely typical move in those kind of positions, but , to be
honest, I think that Black has no even shadow of troubles in whole line.} (14.
Kf1 14... f6 $5 15. Qe1 fxe5 16. Nxe5 $6 (16. dxe5 $5) 16... Nxe5 17. dxe5 Ne7
18. Bxh6 Rhg8 19. Bf3 19... Be8 $1 $17 {
1-0 Short,N-Psakhis,L/Isle of Man op 1999  (42)}) 14... Rf8 $1 15. Qc1 f6 16.
Qa3 Rf7 17. Bf4 {Hansen,Cu: 'Black has managed to play f7-f6 but white will
still be in firm kontrol of the important square e5 if black continues with
the thematic f6xe5'} 17... Nge7 (17... f5 $5 {
Hansen,Cu: I think black could consider to change plans at this juncture} 18.
Bxh6 Nxh6 19. Rxh6 19... Rg8 $132) 18. exf6 Rxf6 19. Bxh6 Rg8 ({
Black could sacrifice an exchange} 19... Rxh6 20. Rxh6 Nf5 21. Rh1 Nfxd4 22.
Nxd4 22... Nxd4 {with reasonable compensation, but why he must do it?}) 20. Kf1
{Hansen,Cu: 'Whites K is relatively safe, and black has serious weaknesses on
the black squares and i the h- '} (20. g3 $1 {Hansen,Cu} 20... Nf5 21. Bd2
21... h6 $13) 20... Nf5 21. Bd2 Rfg6 22. g3 {Hansen,Cu: '  Bd2-f4 '} 22... e5
$3 {'!' Hansen,Cu.  Perfect move in correct time! White already in Dire Straits
} 23. Rxh7 {Hansen,Cu: 'When I looked at this game for the first time I
thought this was a serious mistake. I failed to see a good continuation for
black after:'} ({In case of} 23. Nxe5 $5 23... Nxe5 24. dxe5 24... Rxg3 $1 25.
Qb4 (25. fxg3 Nxg3+ 26. Ke1 (26. Kg2 Ne4+ 27. Kf3 Nxd2+ 28. Ke3 28... Nb3 $1
$19) (26. Kf2 26... Qb6+ $1 27. Kf3 Nxh1 28. Rxh1 28... Bg4+ $19) 26... Nxh1
$17) 25... Qxb4 26. cxb4 26... R3g7 $17 {black's advantage is obvious}) (23.
dxe5 Rxg3 24. fxg3 Nxg3+ 25. Kf2 Qb6+ 26. Nd4 (26. Be3 Ne4+) 26... Nxd4 27.
cxd4 Qxd4+ 28. Be3 (28. Qe3 28... Ne4+) 28... Qxe5 {Hansen,Cu: 'with a strong
attack. Blacks seems to have the better chances dispite being a whole R down
at the moment. The whole idea with 22..e5 is quite well worked out. But then
again black had to change the structure of the position since white would have
a nice positional edge if he was allowed to play 23.Bd2-f4'} 29. Qc5+ 29... Bc6
$17) 23... e4 {Hansen,Cu: 'Now whites K-position is serioously weakened in
connection with e4-e3. '} 24. Ne5 {'?' Hansen,Cu.} (24. Nh4 Nxh4 (24... Nxg3+ {
Hansen,Cu} 25. fxg3 Rxg3 26. Kf2 Qd8 27. Qd6 27... Rh3 $15 {Still I think this
complicated line with material advantage for white would have posed black
greater problems}) 25. Rxh4 Nxd4 26. cxd4 Qxd2 27. Qc5+ Bc6 28. Qxa7 28... R6g7
$1 $36 {doesn't bring relief to Black}) 24... Nxe5 25. dxe5 25... e3 $1 26.
Bxe3 (26. Bh5 $1 26... exf2 $5 27. Bxg6 Nxg3+ 28. Kg2 (28. Kxf2 Qb6+ 29. Be3
Qxg6 30. Qc5+ 30... Bc6 $19) 28... Ne4 $17) 26... Nxe3+ 27. fxe3 Rxg3 28. Kf2 (
28. Qe7 28... Bc6 $19 (28... Qd8 $5 29. Qxd8+ Kxd8 30. Rh1 30... Rxe3 $19))
28... Qb6 $19 {Game is over} 29. Rf1 29... Rxe3 $1 (29... Qxe3+ $6 30. Ke1
30... Rg2 $2 (30... Rg1 31. Rhf7 31... Be8 $19) 31. Rf8+ Be8 32. Rc7+ $1 32...
Kxc7 (32... Kb8 33. Rxb7+ $1 33... Kxb7 (33... Ka8 34. Rb8+ $1) 34. Qe7+ Ka6
35. Rf6+) 33. Qd6+ Kc8 34. Qe6+ Kc7 35. Qd6+ $11) 30. a5 (30. Ke1 Qb1+ 31. Kd2
Rxe2+ 32. Kxe2 32... Qxc2+ $19) (30. Qd6 Rxc3+ 31. Qxb6 31... axb6 $19) 30...
Rg2+ $1 31. Kxg2 Qg6+ (31... Qg6+ 32. Bg4 Qxg4+ 33. Kh1 33... Qe4+ $1 $19) 0-1

[Event "Petroff Memorial op"]
[Site "St Petersburg"]
[Date "2000.02.10"]
[Round "4"]
[White "Yagupov, Igor"]
[Black "Nikitin, Andrey"]
[Result "0-1"]
[WhiteElo "2482"]
[BlackElo "2400"]
[Annotator "Psakhis,L"]
[PlyCount "68"]
[EventDate "2000.02.05"]
[Source "ChessBase"]
[SourceDate "2000.05.31"]

1. e4 e6 2. d4 d5 3. Nc3 Bb4 4. e5 c5 5. a3 Bxc3+ 6. bxc3 6... Qa5 $5 {
Risky but interesting variant.} 7. Bd2 7... Qa4 8. Qb1 $5 {
Interesting idea, but} (8. Qg4 $5 {surely the most dangerous move for Black}
8... g6 (8... Kf8 $5) 9. Qd1 {typical and strong manoeuvre} 9... cxd4 $6 10.
Rb1 $1 10... d3 11. Bxd3 Qxa3 12. Nf3 Qc5 13. h4 h6 14. O-O Nd7 15. Re1 a6 16.
c4 $1 $40 {1-0 Anand,V-Nikolic,P/Wch Groningen 1997/CBM 63 (35)}) 8... c4 {
It is not to black favour to close position in the centre, but unfortunately
this move is obligatory.} 9. h4 (9. Nf3 Ne7 10. g3 Nbc6 11. Bh3 Bd7 12. O-O
O-O-O 13. Re1 h6 14. Bg2 g5 15. h4 g4 16. Nh2 h5 17. f3 gxf3 18. Nxf3 18... Nf5
$132 {Milev,Z-Uhlmann,W, DDR 1954}) 9... f6 ({I would prefer in this position} 
9... Nc6 $5 10. h5 10... h6 {with unclear game for example} 11. Ne2 Nge7 12.
Qc1 Bd7 13. g3 O-O-O 14. Bh3 Kb8 15. Be3 Ka8 16. Qd2 Rc8 17. g4 17... Nb8 $6
18. Ng3 Rc6 19. O-O 19... Rb6 $13 {
Nijboer,F-Nikolic,P/Rotterdam 1997/CBM 60/ 0-1 (40)}) 10. Nf3 Nc6 11. h5 11...
fxe5 $146 (11... Bd7 12. g3 O-O-O 13. Bg2 Rf8 14. Qd1 fxe5 15. Nxe5 Nxe5 16.
dxe5 Ne7 17. h6 gxh6 18. Bxh6 Rf7 19. O-O Qa5 20. Qd2 Nf5 21. Bg5 Qc5 22. Kh2
22... h5 $11 {1-0 Pyhala,A-Kekki,J/FIN t-ch 1987 (35)}) 12. h6 Nxh6 13. Bxh6
gxh6 14. Nxe5 Qa5 (14... Nxe5 15. dxe5 Qa5 16. Qb4 $5 $36) 15. Rh3 (15. Qb2
Nxe5 16. dxe5 Bd7 17. Rxh6 17... O-O-O) 15... Nxe5 16. dxe5 16... d4 $6 {
Too optimistic!} (16... Qc7 $5 17. f4 Rf8 18. Qc1 18... Qg7 $13 {
leads to balance game.}) 17. Bxc4 (17. f4 17... Rf8 $5 18. Bxc4 $140 18... Rxf4
19. Qb5+ Qxb5 20. Bxb5+ Bd7 21. Bxd7+ Kxd7 22. Rxh6 22... Rg8 $11) 17... Qxe5+
18. Kf1 18... O-O $5 {Looks not very nice but Black position is dangerous any
case.Unfortunately for Black, the residence of her monarch isn't safe, which
White proves energetically} (18... dxc3 19. Bb5+) 19. Qb4 (19. Qe1 Qxe1+ 20.
Rxe1 dxc3 21. Rxc3 Rd8 22. Re4 $44) 19... Bd7 20. Qxb7 (20. Re1 Qf4 21. Rf3
21... Qh4 $132) 20... Rad8 (20... Rac8 21. Qxd7 Rxc4 22. Re1 $16) 21. Rd1 Kh8
22. Rxd4 (22. cxd4 Qf5 23. Rf3 Qxc2 24. Bb3 $36 {
doesn't look bad either, but move in the text even stronger}) 22... Rb8 23.
Qxd7 $2 {First, but unfortunately for White, not last big mistake} (23. Qe4
Rb1+ 24. Ke2 $18 {wins easily.}) 23... Rf7 $3 {Brilliant idea!} (23... Rb1+ $2
24. Rd1 Qc5 25. Kg1 $1 25... Rxd1+ 26. Qxd1 Qxc4 27. Qd4+ $18) 24. Bb3 Rxd7 25.
Rxd7 Rf8 26. Rhd3 $6 ({After} 26. Rxh6 $1 26... Qb5+ (26... Qf5 27. Rhxh7+ Qxh7
28. Rxh7+ Kxh7 29. Bxe6 $18) 27. Rd3 Qc5 28. f3 Qxa3 29. Rxe6 $16 {
white's advantage is obvious}) 26... Qh2 (26... Qc5 $5) 27. f3 $2 {
One mistake follows another!} (27. Bxe6 $1 {was the only chance for resistance}
27... Qh1+ 28. Ke2 Qxg2 29. Bf5 $1 29... Re8+ (29... Rxf5 $2 30. Rd8+ Kg7 31.
Rg3+ Qxg3 32. fxg3 $16) 30. Re3 Rxe3+ 31. Kxe3 Qg5+ 32. Ke4 $13) 27... Qh1+ 28.
Kf2 Rg8 29. g4 29... h5 $1 30. Bxe6 30... Re8 $1 (30... Qh2+ 31. Kf1 Qh1+ 32.
Ke2 32... Qh2+ $132) 31. Rf7 (31. Re3 $8 31... hxg4 32. fxg4 Qh6 33. g5 33...
Qxg5 $19) 31... Qh4+ $19 32. Kf1 Rxe6 33. Rdd7 Re1+ 34. Kg2 Re2+ 0-1

[Event "Ciocaltea Memorial"]
[Site "Bucharest"]
[Date "2000.03.04"]
[Round "1"]
[White "Szabo, Gergely Andras"]
[Black "Apicella, Manuel"]
[Result "0-1"]
[WhiteElo "2399"]
[BlackElo "2509"]
[Annotator "Psakhis,L"]
[PlyCount "66"]
[EventDate "2000.03.13"]
[Source "ChessBase"]
[SourceDate "2000.07.27"]

1. e4 e6 2. d4 d5 3. Nc3 Bb4 4. e5 Ne7 5. a3 Bxc3+ 6. bxc3 c5 7. Qg4 O-O 8. Bd3
Nbc6 9. Qh5 Ng6 10. Nf3 10... Qc7 $5 11. Be3 c4 12. Bxg6 12... fxg6 13. Qg4
13... Qf7 {
It is a good question if Black need make this move, deserves attention} (13...
Bd7 $5 {for example} 14. h4 Rf5 15. Ng5 Raf8 16. Qe2 h6 17. Nh3 Qd8 18. g3 b5
19. Qd2 Qe7 20. Ke2 a5 21. Rh2 Rb8 22. g4 Rff8 23. Nf4 Be8 24. h5 g5 25. Nh3
25... b4 $36 {0-1 David,A-Enders,P/BL9900 2000 (34)}) 14. Ng5 Qe8 15. h4 h6 16.
Nh3 Ne7 (16... Qf7 $5 17. h5 Ne7 18. Kd2 gxh5 19. Qe2 Nf5 20. Nf4 h4 21. Qg4 {
-  Goloshchapov,A-Harikrishna,P/Calcutta Goodricke op 2000/ (21)}) 17. Nf4
17... Qf7 {Quite important theorethical position.} 18. Qe2 $146 (18. Rh3 $5
18... Qf5 19. Qe2 Bd7 20. g4 Qf7 21. Kd2 a5 22. h5 b5 23. g5 b4 24. gxh6 Qf5
25. hxg7 Rfb8 26. hxg6 Ba4 27. Rh8+ Kxg7 28. Rh7+ $18 {
1-0 Solozhenkin,E-Apicella,M/St.Petersburg-Paris 1996 (31)}) (18. Rb1 b6 19.
Rh3 Bd7 20. Qe2 Kh7 21. g4 Qe8 22. h5 g5 23. Ng2 Rf7 24. f4 gxf4 25. Nxf4 Qf8
26. Qh2 Ng8 27. Ra1 Ne7 28. Kd2 b5 29. Rg1 $16 {
1-0 Milu,R-Popescu,C/ROM t-ch 1994 (33)}) 18... Bd7 19. g4 Ba4 20. Rh3 20... a5
$132 {Apicella starts counterattack on the queen's side.} 21. h5 g5 22. Ng2
22... b5 23. f4 gxf4 24. Nxf4 24... b4 25. Kd2 $2 {Strange move!} (25. axb4
axb4 26. cxb4 Nc6 27. c3 $13 {was more natural and stronger}) 25... bxc3+ 26.
Kxc3 26... Rab8 27. Rf3 27... Nc6 $40 {prepares queen lift to b7} 28. Rff1
28... Qb7 $1 (28... Nb4 $2 {will be premature decision -} 29. axb4 axb4+ 30.
Kd2 $1 (30. Kb2 c3+ 31. Kc1 Bb5 32. Qf3 32... b3 $5 33. cxb3 Bxf1 34. Qxf1
34... Rxb3 $36) 30... c3+ 31. Ke1 Bb5 32. Qd1 Bxf1 33. Kxf1 $16 {
and king escapes from danger}) 29. Rab1 Qxb1 30. Rxb1 Rxb1 31. Nxe6 Rff1 ({
could be good alternative to the move in the text-} 31... Nb4 $5 32. Bf4 (32.
Kd2 Bb5 33. Qg2 33... Rff1 $19) (32. Nxf8 $2 32... Na2+ 33. Kd2 c3+ 34. Kd3
Bb5#) 32... Na2+ 33. Kd2 Rfb8 34. Nc5 34... Bxc2 $1 $19) 32. Nc5 Rbe1 33. Qd2
33... Na7 $1 {Final blow!} (33... Na7 34. Qxe1 Rxe1 35. Kd2 Rxe3 36. Kxe3 Bxc2)
0-1

[Event "St Petersburg-ch 73rd"]
[Site "St Petersburg"]
[Date "2000.04.09"]
[Round "7"]
[White "Shaposhnikov, Evgeny"]
[Black "Ivanov, Sergey"]
[Result "1/2-1/2"]
[WhiteElo "2503"]
[BlackElo "2543"]
[Annotator "Psakhis,L"]
[PlyCount "69"]
[EventDate "2000.04.03"]
[Source "ChessBase"]
[SourceDate "2000.07.27"]

1. e4 e6 2. d4 d5 3. Nc3 Bb4 4. e5 c5 5. a3 Bxc3+ 6. bxc3 Ne7 7. Qg4 O-O 8. Bd3
Nbc6 9. Bg5 {Quite rare move, White continue as usual in this position} (9. Qh5
Ng6 10. Nf3 {with big complications}) 9... Qa5 10. Ne2 10... Ng6 $1 ({
White's initiative is very strong in case of} 10... cxd4 11. f4 $1 11... dxc3 (
11... b6 12. Bf6 Ng6 13. h4 Ba6 14. Bxa6 Qxa6 15. h5 gxf6 16. hxg6 fxg6 17.
Qxe6+ Kg7 18. Qd7+ Rf7 19. Rxh7+ Kxh7 20. Qxf7+ Kh6 21. Kf2 {
1-0 Nijboer,F-Vysochin,S/Cappelle le Grande 1997 (21)}) 12. O-O Ng6 13. Qh5
Qc5+ 14. Kh1 Nce7 15. Rf3 f5 16. exf6 gxf6 17. Bxf6 Rxf6 18. Qxh7+ Kf8 19. Rg3
$40 {1-0 Shaposhnikov,E-Riazantsev,A/Moscow Geller mem 2000 (40)}) 11. O-O
11... Qa4 12. f4 (12. f3 Ngxe5 13. dxe5 Qxg4 14. fxg4 c4 15. Bf4 cxd3 16. cxd3
b6 17. Rf3 Ba6 18. Kf2 Rac8 19. Ke3 {
-  Paehtz,E-Schnur,G/Bad Woerishofen op 2000 (19)}) 12... c4 13. Bxg6 13...
fxg6 14. Ra2 Bd7 (14... b5 15. Bh4 Bd7 16. Qg3 Qa6 17. Rb1 Rab8 18. Qe1 Rb6 19.
Raa1 Rfb8 20. Qd2 Qc8 21. g4 21... Qf8 $11 {0-1 Libeau,R-Uhlmann,W/BL 1995 (45)
}) 15. h4 Rf5 16. Ng3 $146 (16. h5 gxh5 17. Qxh5 h6 18. g4 Rf7 19. Kg2 Be8 20.
Qh3 hxg5 21. f5 exf5 22. gxf5 Ne7 23. Rh1 Rxf5 24. Ng3 $132 {
-  Koch,J-Apicella,M/France 1994/Inf 62/[Apicella,M] (41)}) 16... Be8 {
Risky move, deserves attention} (16... Qa5 $5 {and just after} 17. Nxf5 gxf5
18. Qg3 (18. Qf3 h6 19. Bxh6 gxh6 20. Qh5 Kg7 21. Rf3 21... Be8 $1) 18... Be8
$44 {with good compensation for exchange}) 17. Nxf5 gxf5 18. Qf3 (18. Qg3 Bh5
19. Bf6 19... Bg4 $1 $17) 18... h6 19. g4 $6 {
Much more dangerous for Black will be} (19. Bf6 $1 $142 19... Kf7 $5 (19...
gxf6 20. exf6 Kf7 21. Qh5+ Kxf6 22. Qxh6+ Ke7 23. Qg5+ Kd7 24. h5 $16) (19...
Qa5 $5) 20. g4 $1 20... Qa5 (20... gxf6 21. gxf5 $40) (20... fxg4 21. Qxg4 gxf6
22. f5 $18) 21. g5 $1 $16) 19... Bg6 $1 (19... hxg5 20. gxf5 Qa5 21. f6 $16 {
looks terrible for Black}) 20. Bxh6 (20. Bf6 $5 20... gxf6 21. exf6) 20... gxh6
21. h5 Bf7 (21... Bh7 22. g5 Kh8 23. g6) 22. gxf5 (22. g5 Kg7 23. Qg3 23... Rh8
$15) 22... exf5 23. Kh1 23... Kh7 {
It looks that Black can be happy with results of complications.} 24. Qh3 Be6
25. Qh4 Rf8 26. Rg1 Qa5 27. Rb2 (27. Rg6 27... Qd8 $1 28. Qh3 28... Qd7 $17)
27... Qxc3 ({Also was possible to play} 27... b6 {but after} 28. Rg6 {
White have enough resources for a draw, for example} (28. Rg3 Qxa3 29. Rb1 Qe7)
28... Qxc3 29. Rxh6+ $1 (29. Rxe6 29... Rg8 $5 30. Rxh6+ Kxh6 31. Qf6+ Kh7 32.
Qxf5+ Kh8 33. Qf6+ Rg7 34. Qf8+ Kh7 35. Qf5+ Kg8 36. Qe6+ $11) 29... Kxh6 30.
Qg5+ Kh7 31. Qg6+ Kh8 32. Qh6+ $11) 28. Rg6 (28. Rxb7+ Rf7 29. Rg7+ $1 (29.
Rxf7+ Bxf7 30. Rg2 Nxd4 31. Qf6 $11) 29... Kxg7 30. Qf6+ Kg8 31. Qg6+ Kh8 32.
Qxh6+ Kg8 33. Qg6+ $11) 28... Rf7 29. Rb1 (29. Rxe6 $2 29... Qxb2 $19) 29...
Qf3+ 30. Kh2 Nxd4 31. Rbg1 Qe2+ (31... Qg4 $6 32. R1xg4 Nf3+ 33. Kh1 Nxh4 34.
Rxh4 Re7 35. c3 $16) 32. Kh3 Qf3+ 33. Kh2 Qe2+ 34. Kh3 Qf3+ 35. Kh2 1/2-1/2

[Event "Sigeman & Co 08th"]
[Site "Malmo"]
[Date "2000.05.27"]
[Round "4"]
[White "Polgar, Judit"]
[Black "Hillarp Persson, Tiger"]
[Result "1/2-1/2"]
[WhiteElo "2658"]
[BlackElo "2548"]
[Annotator "Psakhis,L"]
[PlyCount "77"]
[EventDate "2000.05.23"]
[Source "ChessBase"]
[SourceDate "2000.07.27"]

1. e4 e6 2. d4 d5 3. Nc3 Bb4 4. e5 c5 5. a3 Bxc3+ 6. bxc3 Ne7 7. Qg4 O-O 8. Bd3
Nbc6 9. Qh5 Ng6 10. Nh3 {
This rare move got some popularity between Hungarinan chessplayers} (10. Nf3
Qc7 11. Be3 c4 12. Bxg6 fxg6 13. Qg4 Qf7 14. Ng5 Qe8 15. h4 h6 16. Nh3 Bd7 17.
Nf4 Ne7 18. Qe2 b5 19. g4 19... a5 $13 {
-  Balogh,C-Almasi,I/Budapest-4 GM 2000/ (42)}) 10... Qc7 11. Be3 $146 (11. O-O
cxd4 (11... c4 12. Be2 f6 13. f4 Qf7 14. a4 Nge7 15. Ba3 Qxh5 16. Bxh5 f5 17.
a5 a6 18. Rfb1 g6 19. Be2 Re8 20. Kf2 Na7 21. Bc1 Nb5 22. Bd2 22... Bd7 {
Almasi,Z-Holzke,F/Elekes Memorial 1993/1-0 (39)}) 12. cxd4 Nxd4 13. Ng5 h6 14.
Nxf7 Qxf7 15. Bxg6 Qc7 16. Bd2 a5 17. Rad1 Nf5 18. g4 Nd4 19. f4 Bd7 20. g5 Be8
21. Bxe8 Raxe8 22. gxh6 Re7 23. Bxa5 Qxa5 24. Rxd4 Qc5 25. Qd1 gxh6 26. Qd3 {
Almasi,Z-Portisch,F/Zalakaros 1992/ -  (63)}) 11... Nce7 12. f4 Qa5 13. Bd2
13... Qa4 {A typical move in these positions.} 14. g4 $6 {
Maybe too agressive, White could take on c5-} (14. dxc5 14... b6 $5 15. cxb6
15... axb6 {with unclear position}) 14... c4 15. Be2 ({Deserves attention} 15.
Bxg6 $5) 15... Qxc2 16. Rc1 Qb2 17. Ng5 {Provoces h6} 17... h6 18. Nh3 18... f6
$1 {Strong defensive move} 19. g5 hxg5 20. exf6 (20. fxg5 $2 20... fxe5 21.
dxe5 21... Bd7 $17) 20... Rxf6 21. Nxg5 (21. fxg5 $2 21... Rf7 $17) 21... Nf8
22. Qe8 Nf5 (22... Qxa3 $5 23. Bh5 $140 23... Nf5 24. Bf7+ Kh8 25. Bxe6 25...
Qe7 $17 {leads to black's advantage}) 23. Bg4 Qxa3 24. Bxf5 24... Rxf5 {
White hasn't sufficient compensation for two pawns.} 25. O-O Qd6 26. Rce1 Rb8
27. Rf3 27... Bd7 (27... g6 $5 28. Qa4 28... a6 $17) 28. Qh5 g6 (28... Be8 $2
29. Qh4 Bg6 30. Rh3 Nh7 31. Nxh7 Rh5 32. Nf6+ gxf6 33. Qxf6 Rxh3 34. Qxg6+ Kh8
35. Qf6+ Kg8 36. Kh1 $18) 29. Qh4 29... Qe7 $8 30. Ra1 $1 {
Judit tries to find chances in very bad position.} 30... e5 $5 (30... a6 $5 31.
Bc1 Nh7) 31. dxe5 (31. fxe5 $5 31... Rxf3 32. Nxf3 Qxh4 33. Nxh4 33... a6 $15)
31... Ne6 32. Rh3 Nxg5 33. fxg5 Qg7 34. e6 (34. Re1 Rxe5 35. Rxe5 Bxh3 36. Bf4
36... Rf8 $1 $17) 34... Bxe6 35. Re1 35... Re8 $2 ({Why not} 35... Bd7 {and}
36. Re7 $140 {fails} (36. Be3 Re8 37. Bd4 Rxe1+ 38. Qxe1 Rxg5+) {because of}
36... Rf1+ $1 37. Kxf1 Bxh3+ 38. Qxh3 38... Qxe7 $19) 36. Rhe3 36... Qf7 $2 ({
After} 36... Qd7 37. Rh3 Rf1+ 38. Rxf1 38... Bxh3 $17 {
Black still could get better game}) 37. Rh3 Qg7 38. Rhe3 Qf7 39. Rh3 1/2-1/2

[Event "Ordzhonikidze zt 1.9"]
[Site "Ordzhonikidze"]
[Date "2000.06.17"]
[Round "9"]
[White "Baklan, Vladimir"]
[Black "Berelowitsch, Alexander"]
[Result "1-0"]
[WhiteElo "2571"]
[BlackElo "2505"]
[Annotator "Psakhis,L"]
[PlyCount "81"]
[EventDate "2000.06.09"]
[Source "ChessBase"]
[SourceDate "2000.10.18"]

1. e4 e6 2. d4 d5 3. Nc3 Bb4 4. e5 c5 5. a3 Bxc3+ 6. bxc3 Ne7 7. Qg4 O-O 8. Bd3
f5 9. exf6 Rxf6 10. Bg5 Rf7 11. Qh5 g6 12. Qd1 Nbc6 13. Nf3 Qf8 (13... Qc7 14.
O-O c4 15. Be2 Nf5 16. Qc1 Bd7 17. g4 Nd6 18. Qe3 Ne4 19. Bh6 Re8 20. Ng5 Nxg5
21. Bxg5 21... e5 $132 { -  Mrdja,M-Farago,I/Bolzano op 2000/ (36)}) 14. O-O c4
15. Be2 h6 16. Bd2 (16. Bh4 Nf5 17. Bg3 g5 18. Qd2 Bd7 19. h4 Qe7 20. hxg5 Nxg3
21. fxg3 hxg5 22. Qe3 22... Raf8 $13 {
-  Timman,J-Jussupow,A/Novgorod 1995/[Dolmatov] (35)}) (16. Bc1 $5 16... Qg7
17. a4 Bd7 18. Qd2 Kh7 19. Ba3 g5 20. Rab1 b6 21. Bd6 Nf5 22. Be5 Qg6 23. h3
Rg8 24. g4 $36 {1-0 Macieja,B-Schmidt,W/POL t-ch Lubniewice 1998 (58)}) 16...
Nf5 {This system is a difficult nut to crack. Black got from opening a solid
position, elastic pawn structure and it is not easy for white to make real
progress.} 17. g3 $146 (17. Qc1 g5 18. Ne5 Nxe5 19. dxe5 Qc5 20. g4 Ne7 21. Be3
Qa5 22. f4 Qxc3 23. fxg5 Rxf1+ 24. Bxf1 Ng6 25. gxh6 Bd7 26. Rb1 Bc6 27. Qd2
Qxd2 28. Bxd2 Nxe5 29. Bg2 d4 30. Re1 Bxg2 31. Rxe5 Bh3 32. Rh5 {
1-0 Hachian,M-Rychagov,A/Moscow op (Chekhov) 1996 (32)}) 17... Bd7 18. h4 18...
Nd6 19. Ne5 $5 19... Nxe5 20. dxe5 Nf5 ({Much weaker was to play} 20... Ne4 21.
Be1) 21. Qe1 ({White could try to play} 21. a4 {
with the idea not to allow activisation of the black's bishop, but after} 21...
Qc5 (21... Qg7 $5) 22. Kg2 22... Bc6 $36 {black position is very active}) 21...
Ba4 22. Rc1 Qg7 23. h5 (23. f4 h5) 23... Raf8 24. Kh2 g5 ({
It was little bit premature to take pawn on e5 -} 24... Qxe5 25. hxg6 Rg7 26.
Bf4 Qf6 27. Bh5 {but now it is a real threat}) 25. Bg4 25... Bc6 26. Qe2 26...
b5 {Now White can't stop d5-d4} 27. f3 27... d4 $1 28. Rf2 28... d3 $5 29. cxd3
cxd3 30. Qxd3 Qxe5 31. Rg1 (31. f4 Qc5 32. Rcf1 32... Bd5) 31... Qc5 32. Qe2
Bd5 33. f4 33... gxf4 {It is not so bad move, but was much stronger to play} (
33... e5 $1 $142 34. Bxf5 $140 34... Rxf5 35. g4 $1 35... Bc4 36. Qe1 36...
Rxf4 $5 37. Bxf4 37... exf4 $17) 34. Rxf4 (34. gxf4 Kh7) 34... Kh7 (34... Bc4
$5 $142 35. Qf3 35... Rd8 $132) 35. Qe5 $1 {
Slowly but surely Baklan took initiative into his hands.} 35... Qxa3 36. Rgf1
Qa2 37. R4f2 Qc4 38. Be2 Qc5 39. g4 $2 {Serious mistake, after} (39. Bd3 $1 $16
{it is impossible to find satisfactory defence for black}) 39... Nd6 $2 {
A proved old rule - loses who makes the last mistake!} ({After} 39... Qe7 $1
40. Kg1 40... Rg7 $17 {already white's king is in danger.}) 40. Rxf7+ Rxf7 (
40... Nxf7 41. Qf6 Qd6+ 42. Bf4 e5 43. Bxe5 $1 $18) 41. Be3 (41. Bd3+ Kg8 42.
Bxh6 Rf2+ 43. Kg3 $1 $18) (41. Be3 Rxf1 42. Bxc5 Rh1+ 43. Kg3 Ne4+ 44. Kf4 Nxc5
45. Qc7+ $18) 1-0